000 00495nam a2200205 a 4500
999 _c8986
_d8986
003 BD-JhCC
005 20180306172649.0
008 180306s1967 ru a|||| |||| 001 0 eng d
035 _a(BD-JhCC)
040 _aBD-JhCC
_dBD-JhCC
041 _aEnglish
082 _a552
_bZUB 1967
100 _aZubkov, V
245 _aGeneral Petrography /
_cV. Zubkov
260 _aMoscow
_bMir Publishers
_c1967
300 _a226
_c22cm
504 _aIncludes Index
650 _aPetrology
942 _2ddc
_cBK